000
00187nam a2200085Ia 4500
008
250605s9999 xx 000 0 und d
041
_a
eng
100
_a
Siddhant Sharma
245
_a
Indian Oil
999
_c
46398
_d
46398